| 000 | 01198cam a22003018i 4500 | ||
|---|---|---|---|
| 001 | 20693056 | ||
| 005 | 20230222123627.0 | ||
| 008 | 181001s2019 nyu b 001 0 eng | ||
| 010 | _a 2018045501 | ||
| 020 | _a9781138553491 (hardback) | ||
| 020 | _a9781138553507 (pbk.) | ||
| 020 | _z9781315148618 (ebk) | ||
| 040 |
_aDLC _beng _erda _cDLC |
||
| 042 | _apcc | ||
| 050 | 0 | 0 |
_aJA76 _b.D598 2019 |
| 100 | 1 |
_aDobratz, Betty A., _eauthor. |
|
| 245 | 1 | 0 |
_aPower, politics, and society : _ban introduction to political sociology / _cBetty A. Dobratz, Timothy Buzzell, and Lisa K. Waldner. |
| 250 | _a2nd Edition. | ||
| 260 |
_aNew York, NY: _bRoutledge _c2019 |
||
| 300 |
_axvii, 495p. : _gill. ; _c22 cm. |
||
| 500 | _aRevised edition of the authors' Power, politics, and society, c2012. | ||
| 504 | _aIncludes bibliographical references and index. | ||
| 650 | 0 | _aPolitical sociology. | |
| 700 | 1 |
_aBuzzell, Tim, _eauthor. |
|
| 700 | 1 |
_aWaldner, Lisa K., _eauthor. |
|
| 776 | 0 | 8 |
_iOnline version: _aDobratz, Betty A., author. _tPower, politics, and society _b2nd Edition. _dNew York : Routledge, 2019 _z9781315148618 _w(DLC) 2018048074 |
| 942 |
_2lcc _cBOOKS _hJA 76 .D598 2019 |
||
| 999 |
_c31528 _d31528 |
||